| 000 | 00449nam a2200181Ia 4500 | ||
|---|---|---|---|
| 001 | 672 | ||
| 005 | 20260306140535.0 | ||
| 008 | 260306t1998||||xx |||||||||||||| ||spa|| | ||
| 041 | _aESP | ||
| 082 |
_a128.3 _bC92 |
||
| 100 |
_aCruz Cruz, Juan _eAUT |
||
| 245 | 0 |
_aIntelecto y razón : _blas coordenadas del pensamiento clásico |
|
| 260 | _c1998 | ||
| 300 |
_a377 páginas : _c24 cm. |
||
| 650 | _aGEN | ||
| 654 | _aCHU | ||
| 942 |
_cLIB _dJUS _fJUS _2ddc _n |
||
| 999 |
_c672 _d672 |
||